|
|
|
|
| LEADER |
01123pam a22003258a 4500 |
| 001 |
00036598 |
| 005 |
20171026081025.0 |
| 008 |
170314s2017 ||||||viesd |
| 020 |
# |
# |
|c 60000
|a 9786047347384
|
| 041 |
0 |
# |
|a vie
|
| 082 |
1 |
4 |
|a 320.407 1
|b H561D
|
| 100 |
1 |
# |
|a Trương, Ngọc Thơi
|
| 245 |
0 |
0 |
|a Hướng dẫn học và thi trắc nghiệm giáo dục công dân
|c Trương Ngọc Thơi
|b Luyện thi THPT Quốc Gia theo hướng phát triển năng lực
|
| 260 |
# |
# |
|a TP. Hồ Chí Minh
|b Đại học Quốc gia TP. Hồ Chí Minh
|c 2017
|
| 300 |
# |
# |
|a 207 tr.
|c 24 cm.
|
| 653 |
# |
# |
|a Giáo dục
|
| 653 |
# |
# |
|a Trắc nghiệm
|
| 653 |
# |
# |
|a Trung học phổ thông
|
| 653 |
# |
# |
|a Luyện thi
|
| 653 |
# |
# |
|a Giáo dục công dân
|
| 852 |
# |
# |
|j KM.0020537
|j KM.0020538
|j KD.0017300
|
| 852 |
# |
# |
|b Kho đọc
|j KD.0017300
|
| 852 |
# |
# |
|b Kho mượn
|j KM.0020537, KM.0020538
|
| 910 |
|
|
|d 14/03/2017
|
| 980 |
# |
# |
|a Trung tâm Học liệu Lê Vũ Hùng, Trường Đại học Đồng Tháp
|